Warrior Cats - Sudden Death #4 - Statistics

General Stats
  • This quiz has been taken 125 times
  • The average score is 10 of 20
Answers on the Grid
Answers color-coded by a green-red scale on the quiz's grid according to % correct below.
Cinderpelt
Blossomheart
Sunwillow
Ratscar
Droplet
Horsetail
Icecloud
Magpiewing
Seedpelt
Mistfeather
Sleekwhisker
Nightwhisker
Palebird
Sneezecloud
Whiskernose
Boon
Hollytuft
Sunbeam
Vince
Sol
Whitefang
Ravenwing
Silverstar
Mudbriar
Juniperclaw
Grassheart
Darkstar
Quiet Rain
Shadowpelt
Heavystep
 
Answer Stats
Answer % Correct
Cinderpelt
92%
Icecloud
70%
Ratscar
63%
Blossomheart
60%
Palebird
57%
Quiet Rain
54%
Sol
54%
Hollytuft
52%
Juniperclaw
52%
Heavystep
49%
Sleekwhisker
49%
Sneezecloud
49%
Grassheart
48%
Ravenwing
46%
Sunbeam
44%
Darkstar
38%
Seedpelt
37%
Mistfeather
33%
Whitefang
27%
Whiskernose
25%
No matching quizzes found
Score Distribution
Percent of People with Each Score
Percentile by Number Answered
Your Score History
You have not taken this quiz